| 000 | 00417 a2200169 4500 | ||
|---|---|---|---|
| 001 | 066070 | ||
| 003 | OSt | ||
| 005 | 20210909144034.0 | ||
| 008 | |||
| 082 |
_a891.4 _bR13D |
||
| 100 | 1 | _aKumar, Raj | |
| 245 | 1 |
_aDalit personal narratives _cby Raj Kumar |
|
| 260 |
_aHyderabad _bOrient Black _c2010 |
||
| 300 | _a298p. | ||
| 690 | _aIndia; Indic prose literature | ||
| 942 |
_2ddc _cBK |
||
| 999 |
_c262 _d262 |
||